000 00499nam a2200181Ia 4500
005 20250508155355.0
008 008 250505s9999 xx 000 0 eng d
037 _aTextual
040 _aFEDL
_beng
_cFEDL
041 _aeng
_2eng
084 _a398.12, YAN
_qFEDL
100 _aYanagita Kunio
_9648916
245 0 _aJapanese folk tales
260 _aTokyo, Japan
_bTokyo News Service Limited
_c1954
300 _a299p.
942 _cTEXL
_h398.12, YAN
999 _c1356337
_d1356337